| 000 | 00608nam a2200241Ia 4500 | ||
|---|---|---|---|
| 008 | 180207s9999 xx 000 0 und d | ||
| 020 | _a4806523175166 | ||
| 050 | _bC548 2016 | ||
| 100 | _aChong, Grace D. | ||
| 245 | _aTwin blessings / | ||
| 245 | _cby Grace D. Chong. | ||
| 260 | _aMakati City, Philippines : | ||
| 260 | _bChurch Strengthening Ministry, Inc., | ||
| 260 | _c2016 | ||
| 300 | _aunpaged : | ||
| 300 | _billustrations ; | ||
| 300 | _c15cm. | ||
| 440 | _aDevoseries. | ||
| 650 | _aChildren stories. | ||
| 650 | _aDevotional stories. | ||
| 700 | _aSeries. | ||
| 700 | _aTitle. | ||
| 999 |
_c355002 _d355002 |
||